000 00272nam a22001217a 4500
008 170427b xxu||||| |||| 00| 0 eng d
041 _aeng
080 _a546
100 _a12
101 _ashm
245 _aQUANTITATIVE INORGANIC ANALYSIIS
_cVOGEL.A.L
942 _2udc
_cBK
999 _c12266
_d12266